Combien de ville de Haute-Corse (2B) connais-tu ? - Statistiques

Statistiques générales
  • Ce quiz a été pris 20 fois
  • Le résultat moyen est 37 sur 236
Statistiques - réponses
Hint Ville % Correct
20200 Bastia
95%
20260 Calvi
85%
Corte
80%
20620 Biguglia
70%
20 890 Borgo
70%
Île-Rousse
65%
Saint-Florent
60%
Furiani
55%
Lucciana
55%
Nonza
50%
Penta-di-Casinca
50%
20214 Calenzana
45%
Ersa
45%
Ghisonaccia
45%
20270 Aléria
40%
20222 Brando
40%
20217 Canari
40%
Centuri
40%
Luri
40%
Monte
40%
Monticello
40%
Oletta
40%
Venaco
40%
20226 Belgodère
35%
20235 Bisinchi
35%
Farinole
35%
Morosaglia
35%
Patrimonio
35%
Pietracorbara
35%
Venzolasca
35%
Vescovato
35%
20270 Antisanti
30%
20253 Barbaggio
30%
20252 Bigorno
30%
20224 Calacuccia
30%
20213 Castellare-di-Casinca
30%
Lumio
30%
Moltifao
30%
Pietralba
30%
Rogliano
30%
San-Martino-di-Lota
30%
Vivario
30%
20276 Asco
25%
20228 Cagnano
25%
20270 Campi
25%
20224 Casamaccioli
25%
Galéria
25%
Lento
25%
Linguizzetta
25%
Loreto-di-Casinca
25%
Meria
25%
Murato
25%
Poggio-d'Oletta
25%
Rutali
25%
Santa-Maria-di-Lota
25%
Sisco
25%
Volpajola
25%
20244 Aiti
20%
20220 Algajola
20%
20290 Campile
20%
20252 Campitello
20%
20237 Casabianca
20%
20218 Castifao
20%
Cervione
20%
Corscia
20%
Croce
20%
Manso
20%
Montegrosso
20%
Morsiglia
20%
Olcani
20%
Olmeta-di-Tuda
20%
Olmo
20%
Omessa
20%
Poggio-Mezzana
20%
Prunelli-di-Fiumorbo
20%
San-Nicolao
20%
Santa-Lucia-di-Moriani
20%
Santo-Pietro-di-Tenda
20%
Tomino
20%
Vallecalle
20%
Ville-di-Pietrabugno
20%
20270 Aghione
15%
20212 Alando
15%
20224 Albertacce
15%
20228 Barrettali
15%
Corbara
15%
Erbajolo
15%
Feliceto
15%
Ghisoni
15%
Lama
15%
Muro
15%
Ogliastro
15%
Olmi-Cappella
15%
Ortale
15%
Ortiporio
15%
Piedicroce
15%
Pietraserena
15%
Piève
15%
Pigna
15%
Pino
15%
Popolasca
15%
Porta
15%
Prunelli-di-Casacconi
15%
Rapale
15%
San-Gavino-di-Tenda
15%
San-Giuliano
15%
Santa-Reparata-di-Balagna
15%
Speloncato
15%
Vignale
15%
Zilia
15%
20212 Alzi
10%
20220 Aregno
10%
20225 Avapessa
10%
20230 Canale-di-Verde
10%
20235 Canavaggia
10%
20215 Casalta
10%
20250 Casanova
10%
Cateri
10%
Costa
10%
Gavignano
10%
Moïta
10%
Occhiatana
10%
Olmeta-di-Capocorso
10%
Palasca
10%
Porri
10%
Rusio
10%
Saliceto
10%
San-Damiano
10%
San-Lorenzo
10%
Santa-Maria-Poggio
10%
Sant'Antonino
10%
Santa-Reparata-di-Moriani
10%
Scolca
10%
Sermano
10%
Solaro
10%
Sorio
10%
Soveria
10%
Talasani
10%
Tallone
10%
Tarrano
10%
Urtaca
10%
Ventiseri
10%
20272 Ampriani
5%
20212 Bustanico
5%
20229 Campana
5%
20229 Carcheto-Brustico
5%
20229 Carpineto
5%
20244 Carticasi
5%
20212 Castellare-di-Mercurio
5%
20235 Castello-di-Rostino
5%
Castiglione
5%
Castineta
5%
Castirla
5%
Chiatra
5%
Chisa
5%
Crocicchia
5%
Felce
5%
Focicchia
5%
Giocatojo
5%
Lavatoggio
5%
Lozzi
5%
Lugo-di-Nazza
5%
Matra
5%
Mausoléo
5%
Moncale
5%
Nessa
5%
Nocario
5%
Novella
5%
Pancheraccia
5%
Penta-Acquatella
5%
Piano
5%
Piedigriggio
5%
Pie-d'Orezza
5%
Pietra-di-Verde
5%
Pietricaggio
5%
Piobetta
5%
Pioggiola
5%
Poggio-di-Venaco
5%
Poggio-Marinaccio
5%
Prato-di-Giovellina
5%
Pruno
5%
Rapaggio
5%
Riventosa
5%
San-Gavino-d'Ampugnani
5%
San-Gavino-di-Fiumorbo
5%
San-Giovanni-di-Moriani
5%
Sant'Andréa-di-Cotone
5%
Santo-Pietro-di-Venaco
5%
Silvareccio
5%
Tox
5%
Tralonca
5%
Valle-di-Rostino
5%
Valle-d'Orezza
5%
Vezzani
5%
20251 Altiani
0%
20244 Cambia
0%
20270 Casevecchie
0%
Érone
0%
Favalello
0%
Ficaja
0%
Giuncaggio
0%
Isolaccio-di-Fiumorbo
0%
Lano
0%
Mazzola
0%
Monacia-d'Orezza
0%
Muracciole
0%
Noceta
0%
Novale
0%
Parata
0%
Perelli
0%
Pero-Casevecchie
0%
Pianello
0%
Piazzali
0%
Piazzole
0%
Piedicorte-di-Gaggio
0%
Piedipartino
0%
Pietroso
0%
Poggio-di-Nazza
0%
Polveroso
0%
Quercitello
0%
Rospigliani
0%
Santa-Lucia-di-Mercurio
0%
Sant'Andréa-di-Bozio
0%
Scata
0%
Serra-di-Fiumorbo
0%
Sorbo-Ocagnano
0%
Stazzona
0%
Taglio-Isolaccio
0%
Valle-d'Alesani
0%
Valle-di-Campoloro
0%
Vallica
0%
Velone-Orneto
0%
Verdèse
0%
Ville-di-Paraso
0%
Zalana
0%
Zuani
0%
Aucun quiz correspondant
Distribution des résultats
% des personnes avec chaque résultat
Percentile par nombre de réponses
Votre historique - résultats
Vous n’avez pas pris ce quiz